| 000 | 00434nam a2200169Ia 4500 | ||
|---|---|---|---|
| 003 | LK-CoDNM | ||
| 008 | 010623t2000 xxu||||| |||| 00| 1 eng d | ||
| 040 |
_aLK-CoDNM _dLK-CoDNM _eLK-CoDNM |
||
| 041 | _aeng | ||
| 080 | _ax 929 SIR | ||
| 100 | _aSiriwardena, P.P.G.L | ||
| 245 | _aMemories and Reflections | ||
| 260 |
_bSarvodaya Vishva Lekha _aRathmalana _c2000 |
||
| 300 | _b(vii)395, 21 cm | ||
| 650 | _aBiography | ||
| 942 | _cBK | ||
| 999 |
_c120087 _d120087 |
||